Datum a čas kvízu
25
Celkem bodů
Celkový počet nahraných bodů na tomto kvízu bez doplňovacích otázek.
6.
Pořadí na kvízu
Konečné umístění týmu na tomto kvízu.
Zaznamenané odpovědi
| # | Otázka | Odpověď | Body | Výsledky |
|---|---|---|---|---|
| 1. | Prezidentská kancelář zveřejni... | špatná akustika | 0 | |
| 2. | Posádka tureckých nízkonáklado... | Britové | 0 | |
| 3. | Pravděpodobnou podobu významné... | sv. Vojtěch (Adalbert) | 0 | |
| 4. | Minulý týden jsme se dozvěděli... | Datart | 0 | |
| 5. | V pondělí padl unikátní rekord... | USK | 1 | |
| 6. | Sugo all'amatriciana patří mez... | guanciale; pecorino | 1 | |
| 7. | Napište zakrytou značku zobraz... | Kikkoman | 1 | |
| 8. | Když se řekne omáčka, určitě s... | 15 | 1 | |
| 9. | Město Worcester dalo jméno jed... | C; ločidlo | 1 | |
| 10. | Jak se označuje tato jednoduch... | velouté | 1 |